15 Seconds: Friends Quiz Stats

 Plays Quiz Updated Feb 12, 2020

Support Sporcle.
Go Orange.
Score 0/6 Timer 00:15
3 Plays Today
Friends Characters % Correct
Ross (Geller)
92.4%
Rachel (Green)
88.7%
Joey (Tribbiani)
88.3%
Monica (Geller)
88.3%
Chandler (Bing)
85.8%
Phoebe (Buffay)
82.1%

You're not logged in!

Compare scores with friends on all Sporcle quizzes.
OR
Log In

From the Vault

Map Criteria VI

by Barbecue

This quiz is all over the map.
Remove Ads.
Support Sporcle.
Get the best of Sporcle when you Go Orange. This ad-free experience offers more features, more stats, and more fun while also helping to support Sporcle. Thank you for becoming a member.

Show Comments

Extras

Top Quizzes Today


Score Distribution

Your Account Isn't Verified!

In order to create a playlist on Sporcle, you need to verify the email address you used during registration. Go to your Sporcle Settings to finish the process.

Report this User

Report this user for behavior that violates our Community Guidelines.

Details: